[Event "10. Open Internacional de Galapagar"]
[Site "Galapagar ESP"]
[Date "2009.07.22"]
[Round "5.43"]
[White "Bolea Jover, Ignacio"]
[Black "Valderrama Arroyo, Victor"]
[Result "0-1"]
[WhiteElo "1601"]
[BlackElo "1882"]
[PlyCount "38"]
[EventDate "2009.07.18"]
[EventType "swiss"]
[EventRounds "9"]
[EventCountry "ESP"]
[Source "lmi"]
[SourceDate "2009.07.18"]

1. e4 c5 2. Nf3 d6 3. d4 cxd4 4. Nxd4 Nf6 5. Nc3 a6 6. Be3 e6 7. h3 b5 8. Bd3
Bb7 9. O-O Be7 10. a3 O-O 11. f4 Nbd7 12. b4 Rc8 13. Nde2 e5 14. Qe1 d5 15.
exd5 Nxd5 16. Nxd5 Bxd5 17. Nc3 Bb7 18. f5 Nf6 19. Bg5 Qd4+ 0-1

[Event "10. Open Internacional de Galapagar"]
[Site "Galapagar ESP"]
[Date "2009.07.22"]
[Round "5.45"]
[White "Martinez Gomez, Ana Maria"]
[Black "Gonzalo Gonzalez, Francisco"]
[Result "0-1"]
[WhiteElo "1580"]
[BlackElo "1853"]
[PlyCount "50"]
[EventDate "2009.07.18"]
[EventType "swiss"]
[EventRounds "9"]
[EventCountry "ESP"]
[Source "lmi"]
[SourceDate "2009.07.18"]

1. e4 c5 2. Nf3 Nc6 3. d4 cxd4 4. Nxd4 Qb6 5. Nxc6 dxc6 6. c4 Bd7 7. Bd3 O-O-O
8. O-O Nf6 9. Qe2 e5 10. Be3 c5 11. h3 Bc6 12. Nc3 Be7 13. Nd5 Nxd5 14. exd5
Bd7 15. f4 Bd6 16. Bc1 Rhe8 17. Qf3 exf4 18. Bxf4 Bxf4 19. Qxf4 Qxb2 20. Qxf7
Qd4+ 21. Rf2 Qxa1+ 22. Kh2 Qe5+ 23. g3 Re7 24. Re2 Qxe2+ 25. Bxe2 Rxf7 0-1

[Event "10. Open Internacional de Galapagar"]
[Site "Galapagar ESP"]
[Date "2009.07.23"]
[Round "6.1"]
[White "Guerra Mendez, Jose Angel"]
[Black "Gomez Ledo, Roberto Carlos"]
[Result "1/2-1/2"]
[WhiteElo "2408"]
[BlackElo "2404"]
[PlyCount "24"]
[EventDate "2009.07.18"]
[EventType "swiss"]
[EventRounds "9"]
[EventCountry "ESP"]
[Source "lmi"]
[SourceDate "2009.07.18"]

1. d4 Nf6 2. c4 e6 3. Nf3 Bb4+ 4. Nbd2 b6 5. e3 Bb7 6. Be2 Ne4 7. O-O Nxd2 8.
Bxd2 Bxd2 9. Qxd2 d6 10. Ne1 Nd7 11. Bf3 Bxf3 12. Nxf3 O-O 1/2-1/2

[Event "10. Open Internacional de Galapagar"]
[Site "Galapagar ESP"]
[Date "2009.07.23"]
[Round "6.2"]
[White "Almagro Llamas, Pablo"]
[Black "Gomez Garrido, Camilo"]
[Result "0-1"]
[WhiteElo "2481"]
[BlackElo "2461"]
[PlyCount "112"]
[EventDate "2009.07.18"]
[EventType "swiss"]
[EventRounds "9"]
[EventCountry "ESP"]
[Source "lmi"]
[SourceDate "2009.07.18"]

1. e4 c5 2. Nf3 d6 3. d4 cxd4 4. Nxd4 Nf6 5. Nc3 a6 6. Bc4 e6 7. Bb3 b5 8. Bg5
Bb7 9. Qe2 b4 10. Na4 Be7 11. O-O-O Qa5 12. f4 Nbd7 13. Rhe1 h6 14. Bxf6 Nxf6
15. e5 dxe5 16. fxe5 Nd5 17. Nxe6 fxe6 18. Qh5+ Kd7 19. Qg4 h5 20. Qxg7 Rag8
21. Qf7 Rf8 22. Qg6 Rhg8 23. Qxh5 Kc7 24. g3 Bc6 25. Qh7 Re8 26. Bxd5 Bxd5 27.
b3 Kb8 28. Kb1 Rh8 29. Qf7 Qc7 30. Qf2 Ref8 31. Qg1 Rc8 32. Rd2 Bg5 33. Rf2 Qa7
34. Qf1 Rh7 35. h4 Be3 36. Rf8 Rhc7 37. Rxc8+ Rxc8 38. Qe2 Bf2 39. Rf1 Bxg3 40.
Qg4 Bxe5 41. Qxb4+ Qb7 42. Nb6 Bc7 43. Nxd5 exd5 44. Qxb7+ Kxb7 45. h5 Rh8 46.
Rh1 Kc6 47. c3 Be5 48. Kc2 Kd6 49. Kd3 Rg8 50. Rh3 Rg2 51. a4 a5 52. h6 Bf4 53.
Kd4 Rd2+ 54. Rd3 Bxh6 55. b4 axb4 56. cxb4 Rb2 0-1

[Event "10. Open Internacional de Galapagar"]
[Site "Galapagar ESP"]
[Date "2009.07.23"]
[Round "6.3"]
[White "Adan Bermudez, Sergio"]
[Black "Ortiz Suarez, Isam"]
[Result "0-1"]
[WhiteElo "2265"]
[BlackElo "2504"]
[PlyCount "106"]
[EventDate "2009.07.18"]
[EventType "swiss"]
[EventRounds "9"]
[EventCountry "ESP"]
[Source "lmi"]
[SourceDate "2009.07.18"]

1. c4 c5 2. g3 Nc6 3. Bg2 e5 4. Nc3 d6 5. e3 Be6 6. Nd5 g6 7. a3 a5 8. Ne2 Bg7
9. d3 Nge7 10. Qb3 Rb8 11. Nec3 b6 12. Bd2 O-O 13. O-O f5 14. f4 Nxd5 15. Nxd5
Ne7 16. Nc3 Qd7 17. Qb5 Qxb5 18. Nxb5 Rfd8 19. Nc7 Bf7 20. Bc3 Rd7 21. Nd5 Nxd5
22. Bxd5 Bxd5 23. cxd5 Re7 24. Rfe1 e4 25. Bxg7 Kxg7 26. Red1 b5 27. d4 cxd4
28. Rxd4 Rc7 29. Rd2 Rbc8 30. Kf2 Rc1 31. Rxc1 Rxc1 32. h3 h5 33. h4 Kf6 34.
Ke2 a4 35. Rd1 Rc5 36. Rd4 Ke7 37. Kd2 Kd7 38. Kd1 Kc7 39. Kd2 Kb6 40. Kd1 Rc7
41. Kd2 Kc5 42. Kc3 Rc8 43. Kd2 Rb8 44. Kc3 Rb7 45. b3 axb3 46. Kxb3 Ra7 47.
Kb2 Kb6 48. Rb4 Rc7 49. a4 Rc5 50. axb5 Rxd5 51. Kc2 Rd3 52. Rc4 Kxb5 53. Rc7
Rxe3 0-1

[Event "10. Open Internacional de Galapagar"]
[Site "Galapagar ESP"]
[Date "2009.07.23"]
[Round "6.4"]
[White "Roa Alonso, Santiago"]
[Black "Sanchez Gonzalez, Sergio"]
[Result "1-0"]
[WhiteElo "2445"]
[BlackElo "2305"]
[PlyCount "63"]
[EventDate "2009.07.18"]
[EventType "swiss"]
[EventRounds "9"]
[EventCountry "ESP"]
[Source "lmi"]
[SourceDate "2009.07.18"]

1. e4 c5 2. c3 d5 3. exd5 Qxd5 4. d4 e6 5. Nf3 Nc6 6. Na3 Bd7 7. Be2 cxd4 8.
Nb5 Rc8 9. cxd4 Bb4+ 10. Nc3 Nf6 11. O-O Qa5 12. Bd2 Nd5 13. Qe1 O-O 14. a3 Be7
15. Bd3 Qb6 16. Qe4 g6 17. Nxd5 exd5 18. Qf4 Be6 19. Rfe1 Rfe8 20. h4 Qc7 21.
Ne5 Nxe5 22. dxe5 Qb6 23. h5 Qb3 24. Bc3 Bc5 25. Qd2 a6 26. Rad1 Bg4 27. hxg6
hxg6 28. Qg5 Bxd1 29. e6 d4 30. Bxg6 fxg6 31. Qxg6+ Kf8 32. Qf7# 1-0

[Event "10. Open Internacional de Galapagar"]
[Site "Galapagar ESP"]
[Date "2009.07.23"]
[Round "6.5"]
[White "Salcedo Tornero, Pablo"]
[Black "Moreno Ruiz, Javier"]
[Result "0-1"]
[WhiteElo "2163"]
[BlackElo "2418"]
[PlyCount "70"]
[EventDate "2009.07.18"]
[EventType "swiss"]
[EventRounds "9"]
[EventCountry "ESP"]
[Source "lmi"]
[SourceDate "2009.07.18"]

1. g3 c5 2. Bg2 Nc6 3. d3 g6 4. e4 Bg7 5. Nf3 d6 6. O-O e5 7. Nbd2 Nge7 8. a4
O-O 9. Nc4 h6 10. Kh1 f5 11. Ng1 Be6 12. f3 d5 13. exd5 Nxd5 14. Ne2 Ndb4 15.
Na3 Qd7 16. Nc3 Rad8 17. Be3 Nd4 18. Ncb5 a6 19. Nxd4 exd4 20. Bd2 Qxa4 21. b3
Qd7 22. Nc4 b5 23. Nb2 Ra8 24. Re1 Bd5 25. Bxb4 cxb4 26. Qd2 a5 27. f4 Qc6 28.
Nd1 Bxg2+ 29. Qxg2 Qxg2+ 30. Kxg2 Rfc8 31. Re2 Kf7 32. Kf2 a4 33. bxa4 bxa4 34.
Nb2 a3 35. Nc4 Rxc4 0-1

[Event "10. Open Internacional de Galapagar"]
[Site "Galapagar ESP"]
[Date "2009.07.23"]
[Round "6.6"]
[White "Garrido Dominguez, Jesus"]
[Black "Beltran de Heredia Eguiaz, Miguel A"]
[Result "1-0"]
[WhiteElo "2333"]
[BlackElo "2041"]
[PlyCount "75"]
[EventDate "2009.07.18"]
[EventType "swiss"]
[EventRounds "9"]
[EventCountry "ESP"]
[Source "lmi"]
[SourceDate "2009.07.18"]

1. e4 c5 2. Nf3 e6 3. d4 cxd4 4. Nxd4 a6 5. Nc3 Qc7 6. Bd3 Nf6 7. O-O d6 8. a4
b6 9. Re1 Be7 10. Qf3 O-O 11. Qg3 Nbd7 12. Nd5 Nxd5 13. exd5 Nc5 14. Bc4 Bf6
15. Nf3 e5 16. Bg5 Bxg5 17. Qxg5 Bd7 18. Qh4 h6 19. Bf1 f5 20. Nd2 f4 21. a5
bxa5 22. Nc4 a4 23. Bd3 Rf6 24. f3 Rb8 25. Qf2 g5 26. Ra3 Kg7 27. Rc3 Nxd3 28.
cxd3 Qb7 29. d4 Qxd5 30. dxe5 dxe5 31. Rxe5 Qf7 32. Qd4 Bb5 33. Nd6 Qa2 34. h3
Qa1+ 35. Kh2 Rd8 36. Re6 Rdf8 37. Rxf6 Rxf6 38. Ne4 1-0

[Event "10. Open Internacional de Galapagar"]
[Site "Galapagar ESP"]
[Date "2009.07.23"]
[Round "6.8"]
[White "Rodriguez de Castro, Ayar"]
[Black "Fernandez Blazquez, Diego"]
[Result "1/2-1/2"]
[WhiteElo "2084"]
[BlackElo "2108"]
[PlyCount "74"]
[EventDate "2009.07.18"]
[EventType "swiss"]
[EventRounds "9"]
[EventCountry "ESP"]
[Source "lmi"]
[SourceDate "2009.07.18"]

1. d4 Nf6 2. c4 c5 3. d5 b5 4. Nd2 e6 5. e4 bxc4 6. Qf3 Bb7 7. Bxc4 Be7 8. Ne2
O-O 9. Nc3 exd5 10. e5 Ne4 11. Nxd5 Nxd2 12. Bxd2 Nc6 13. Bc3 d6 14. exd6 Qxd6
15. O-O Nd4 16. Nxe7+ Qxe7 17. Qg4 Qe4 18. Qxe4 Bxe4 19. f3 Bc6 20. Rac1 Bb5
21. Bxd4 Bxc4 22. Bxg7 Bxf1 23. Bxf8 Bxg2 24. Kxg2 Kxf8 25. Rxc5 Rd8 26. Rc2
Kg7 27. Kf2 Rd5 28. Ke3 a5 29. Ke4 Rb5 30. a3 Kg6 31. f4 Rb3 32. Rg2+ Kf6 33.
Rd2 a4 34. Rf2 Rh3 35. Kd4 Kf5 36. Kc4 Rb3 37. Kd4 Rh3 1/2-1/2

[Event "10. Open Internacional de Galapagar"]
[Site "Galapagar ESP"]
[Date "2009.07.23"]
[Round "6.9"]
[White "Longa Yauca, Javier"]
[Black "Sanchez Delgado, Lidia"]
[Result "1/2-1/2"]
[WhiteElo "2293"]
[BlackElo "2006"]
[PlyCount "21"]
[EventDate "2009.07.18"]
[EventType "swiss"]
[EventRounds "9"]
[EventCountry "ESP"]
[Source "lmi"]
[SourceDate "2009.07.18"]

1. d4 Nf6 2. Nf3 g6 3. c4 Bg7 4. Nc3 d6 5. g3 O-O 6. Bg2 c6 7. O-O Nbd7 8. Bf4
Qc7 9. Qd2 e5 10. dxe5 dxe5 11. Bh6 1/2-1/2

[Event "10. Open Internacional de Galapagar"]
[Site "Galapagar ESP"]
[Date "2009.07.23"]
[Round "6.10"]
[White "Esquivias Gomez, Francisco Javier"]
[Black "Fernandez Garcia, Miguel Angel"]
[Result "0-1"]
[WhiteElo "2009"]
[BlackElo "2269"]
[PlyCount "62"]
[EventDate "2009.07.18"]
[EventType "swiss"]
[EventRounds "9"]
[EventCountry "ESP"]
[Source "lmi"]
[SourceDate "2009.07.18"]

1. c4 e6 2. Nc3 d5 3. d4 c6 4. e4 Bb4 5. Bd2 dxc4 6. Nf3 b5 7. a4 Nf6 8. Qb1
Bxc3 9. Bxc3 a5 10. b4 axb4 11. Bxb4 Na6 12. axb5 cxb5 13. e5 Nd5 14. Bd6 Bd7
15. Nd2 f5 16. Nxc4 bxc4 17. Bxc4 Nac7 18. Rxa8 Qxa8 19. O-O Kf7 20. Bxc7 Nxc7
21. Qxf5+ Ke8 22. Qg4 Rf8 23. Qh5+ g6 24. Qh4 Rf7 25. Rb1 Kf8 26. d5 Kg7 27. d6
Nd5 28. Bf1 h6 29. Qc4 Qa7 30. Rb2 Qa1 31. Re2 Nc3 0-1

[Event "10. Open Internacional de Galapagar"]
[Site "Galapagar ESP"]
[Date "2009.07.23"]
[Round "6.11"]
[White "Martin Duque, Jesus"]
[Black "Pascual Palomo, Lucia"]
[Result "0-1"]
[WhiteElo "1930"]
[BlackElo "2116"]
[PlyCount "58"]
[EventDate "2009.07.18"]
[EventType "swiss"]
[EventRounds "9"]
[EventCountry "ESP"]
[Source "lmi"]
[SourceDate "2009.07.18"]

1. e4 e6 2. d4 d5 3. e5 c5 4. c3 Nc6 5. Nf3 Bd7 6. Be2 Nh6 7. Bxh6 gxh6 8. O-O
cxd4 9. cxd4 Bg7 10. Nc3 O-O 11. a3 f6 12. Bb5 fxe5 13. Bxc6 Bxc6 14. dxe5 Qe8
15. Qd4 Qh5 16. Rfe1 Rf7 17. Ne2 Qg6 18. Ng3 Raf8 19. Nh4 Qg5 20. Nf3 Rxf3 21.
gxf3 Rf4 22. Qe3 d4 23. Qe2 Bxf3 24. Qc4 Bd5 25. Qc8+ Rf8 26. Qc1 Qg4 27. Re2
h5 28. h4 Qf3 29. Qf1 Rf4 0-1

[Event "10. Open Internacional de Galapagar"]
[Site "Galapagar ESP"]
[Date "2009.07.23"]
[Round "6.12"]
[White "Avendano Mateos, Jose"]
[Black "Lorite Cruz, Francisco"]
[Result "1/2-1/2"]
[WhiteElo "1925"]
[BlackElo "2084"]
[PlyCount "25"]
[EventDate "2009.07.18"]
[EventType "swiss"]
[EventRounds "9"]
[EventCountry "ESP"]
[Source "lmi"]
[SourceDate "2009.07.18"]

1. c4 c5 2. Nc3 Nc6 3. g3 g6 4. Bg2 Bg7 5. e4 e5 6. Nge2 d6 7. Nd5 Nge7 8. d3
Nxd5 9. cxd5 Nd4 10. Nxd4 exd4 11. O-O O-O 12. Qe2 f5 13. f4 1/2-1/2

[Event "10. Open Internacional de Galapagar"]
[Site "Galapagar ESP"]
[Date "2009.07.23"]
[Round "6.13"]
[White "Fernandez Garcia, Javier"]
[Black "Paarup, Torsten"]
[Result "0-1"]
[WhiteElo "1923"]
[BlackElo "2029"]
[PlyCount "54"]
[EventDate "2009.07.18"]
[EventType "swiss"]
[EventRounds "9"]
[EventCountry "ESP"]
[Source "lmi"]
[SourceDate "2009.07.18"]

1. d4 f5 2. Bg5 g6 3. Nd2 Bg7 4. e4 fxe4 5. Nxe4 d5 6. Nc5 b6 7. Nb3 Nh6 8. Bd3
c5 9. dxc5 O-O 10. h4 Nf7 11. c3 bxc5 12. Bc2 Nc6 13. Ne2 Qd6 14. Be3 c4 15.
Bc5 Qc7 16. Nbd4 Nfe5 17. h5 Nd3+ 18. Bxd3 cxd3 19. Ng3 Ne5 20. Ba3 Bg4 21. Qd2
Rf7 22. hxg6 hxg6 23. b3 Raf8 24. O-O Bc8 25. Rac1 Rf4 26. f3 Rh4 27. f4 Bh6
0-1

[Event "10. Open Internacional de Galapagar"]
[Site "Galapagar ESP"]
[Date "2009.07.23"]
[Round "6.14"]
[White "Ramirez Garcia, Jorge Alberto"]
[Black "Ruiz de Alegria Madariaga, Carlos"]
[Result "1-0"]
[WhiteElo "2203"]
[BlackElo "1965"]
[PlyCount "39"]
[EventDate "2009.07.18"]
[EventType "swiss"]
[EventRounds "9"]
[EventCountry "ESP"]
[Source "lmi"]
[SourceDate "2009.07.18"]

1. e4 e5 2. Nf3 Nc6 3. d4 exd4 4. Nxd4 Bc5 5. Be3 Qf6 6. c3 Nge7 7. g3 Bb6 8.
Bg2 d6 9. O-O Bd7 10. Na3 O-O-O 11. Nc4 h5 12. h3 Ng6 13. Qd2 Nxd4 14. cxd4 Qe6
15. Rfc1 Kb8 16. a4 c6 17. Nxb6 axb6 18. d5 cxd5 19. exd5 Qf6 20. Bxb6 1-0

[Event "10. Open Internacional de Galapagar"]
[Site "Galapagar ESP"]
[Date "2009.07.23"]
[Round "6.15"]
[White "Semprun Martinez, Fernando"]
[Black "Fernandez Garcia, Ignacio"]
[Result "1-0"]
[WhiteElo "2179"]
[BlackElo "1958"]
[PlyCount "113"]
[EventDate "2009.07.18"]
[EventType "swiss"]
[EventRounds "9"]
[EventCountry "ESP"]
[Source "lmi"]
[SourceDate "2009.07.18"]

1. e4 d6 2. d4 g6 3. Nc3 Bg7 4. f4 Nf6 5. Nf3 Nc6 6. d5 Nb8 7. e5 Ng4 8. h3 Nh6
9. g4 c6 10. Be3 a6 11. Qd2 b5 12. dxc6 Nxc6 13. O-O-O dxe5 14. Qxd8+ Nxd8 15.
Nd5 Ne6 16. Nxe5 Bb7 17. Bg2 Rc8 18. Nxe7 Rxc2+ 19. Kxc2 Bxg2 20. N5c6 Bf8 21.
Nd5 f5 22. g5 Ng8 23. Rhe1 Be4+ 24. Kc1 h6 25. Nc7+ Nxc7 26. Rd8+ Kf7 27. Ne5+
Ke6 28. Rxf8 hxg5 29. Nxg6 Rxh3 30. Rxg8 Nd5 31. Bd2 g4 32. Ne5 Nf6 33. Rg6 g3
34. Rg1 g2 35. R6xg2 Bxg2 36. Rxg2 Ne4 37. Rg6+ Kd5 38. Rxa6 Rh1+ 39. Kc2 Rh2
40. Nf3 Rf2 41. Ra3 Nxd2 42. Nxd2 Rxf4 43. Rd3+ Ke5 44. Rb3 b4 45. Re3+ Kd4 46.
Rd3+ Ke5 47. Kb3 Rh4 48. Nc4+ Ke4 49. Re3+ Kd5 50. Kxb4 f4 51. Re8 f3 52. Rf8
Ke4 53. a4 Kd5 54. b3 Ke4 55. a5 Rh7 56. Nd2+ Kd3 57. Rxf3+ 1-0

[Event "10. Open Internacional de Galapagar"]
[Site "Galapagar ESP"]
[Date "2009.07.23"]
[Round "6.16"]
[White "Serrano Martinez, Francisco Jose"]
[Black "Sanchez Alarcos Galian, Victor"]
[Result "1/2-1/2"]
[WhiteElo "1970"]
[BlackElo "2146"]
[PlyCount "41"]
[EventDate "2009.07.18"]
[EventType "swiss"]
[EventRounds "9"]
[EventCountry "ESP"]
[Source "lmi"]
[SourceDate "2009.07.18"]

1. e4 c5 2. d4 cxd4 3. c3 Nf6 4. e5 Nd5 5. Nf3 e6 6. Bc4 Nb6 7. Bb3 d6 8. O-O
dxe5 9. Nxe5 Nc6 10. Nxc6 bxc6 11. cxd4 Be7 12. Qf3 Nd5 13. Nc3 Qb6 14. Be3 O-O
15. Rac1 Nxc3 16. Rxc3 Bb7 17. Qg4 Qd8 18. Rd1 a5 19. Bh6 Bf6 20. Rg3 g6 21.
Bxf8 1/2-1/2

[Event "10. Open Internacional de Galapagar"]
[Site "Galapagar ESP"]
[Date "2009.07.23"]
[Round "6.17"]
[White "Osorio Ramos, Francisco"]
[Black "Anton Veiga, Juan Carlos"]
[Result "1-0"]
[WhiteElo "1953"]
[BlackElo "2090"]
[PlyCount "57"]
[EventDate "2009.07.18"]
[EventType "swiss"]
[EventRounds "9"]
[EventCountry "ESP"]
[Source "lmi"]
[SourceDate "2009.07.18"]

1. d4 c5 2. d5 e5 3. e4 d6 4. Nc3 Ne7 5. Be2 Ng6 6. Bg4 Nd7 7. g3 Be7 8. Be3 a6
9. a4 b6 10. Bh3 Bg5 11. Qd2 Bxe3 12. Qxe3 O-O 13. Nf3 Nf6 14. Bxc8 Qxc8 15. h3
Qd7 16. Nd2 b5 17. b3 h6 18. Kf1 Nh7 19. Kg2 f5 20. exf5 Rxf5 21. axb5 Raf8 22.
bxa6 Ng5 23. a7 Ra8 24. Nce4 Nf7 25. Nc4 Rxa7 26. Rxa7 Qxa7 27. Ncxd6 Nxd6 28.
Nxd6 Rf8 29. Rd1 1-0

[Event "10. Open Internacional de Galapagar"]
[Site "Galapagar ESP"]
[Date "2009.07.23"]
[Round "6.18"]
[White "Camarero Izquierdo, Juan Carlos"]
[Black "Lopez de Turiso, Jose Angel"]
[Result "1-0"]
[WhiteElo "1950"]
[BlackElo "2087"]
[PlyCount "59"]
[EventDate "2009.07.18"]
[EventType "swiss"]
[EventRounds "9"]
[EventCountry "ESP"]
[Source "lmi"]
[SourceDate "2009.07.18"]

1. e4 e5 2. Bc4 Nf6 3. d3 Nc6 4. Nc3 Bb4 5. Bg5 h6 6. Bd2 Na5 7. Qe2 Nxc4 8.
dxc4 O-O 9. O-O-O d6 10. f3 Bxc3 11. Bxc3 Qe8 12. g4 Be6 13. h4 h5 14. g5 Nd7
15. Rf1 a5 16. f4 Bg4 17. Qe3 exf4 18. Rxf4 Ne5 19. b3 b6 20. Ne2 a4 21. Rhf1
g6 22. Rf6 Bxe2 23. Qxe2 axb3 24. axb3 Qe7 25. Qh2 Rae8 26. Qd2 Qd7 27. Qd5 Qc6
28. Rxg6+ Kh7 29. Rh6+ Kg8 30. Qxc6 1-0

[Event "10. Open Internacional de Galapagar"]
[Site "Galapagar ESP"]
[Date "2009.07.23"]
[Round "6.20"]
[White "Rodriguez Perez, Angel Mariano"]
[Black "Iagar, Razvan Gabriel"]
[Result "1-0"]
[WhiteElo "2053"]
[BlackElo "1949"]
[PlyCount "83"]
[EventDate "2009.07.18"]
[EventType "swiss"]
[EventRounds "9"]
[EventCountry "ESP"]
[Source "lmi"]
[SourceDate "2009.07.18"]

1. e4 e6 2. d4 d5 3. exd5 exd5 4. Bf4 Nf6 5. Nc3 c6 6. Qd2 Bf5 7. O-O-O Bd6 8.
Re1+ Be6 9. Nge2 O-O 10. f3 Re8 11. g4 Bf8 12. Ng3 b5 13. h4 Qa5 14. g5 b4 15.
gxf6 bxc3 16. bxc3 Qxa2 17. Qg2 Qa1+ 18. Kd2 Qxe1+ 19. Kxe1 Bh3+ 20. Qe2 Rxe2+
21. Bxe2 Be6 22. fxg7 Be7 23. h5 a5 24. h6 a4 25. Bd3 Nd7 26. Kd2 a3 27. Ra1 c5
28. Nf5 Bf6 29. dxc5 Nxc5 30. Nd4 a2 31. Nc6 Nd7 32. Nb4 Ra3 33. Nxa2 Bxc3+ 34.
Nxc3 Rxa1 35. Nb5 Ra4 36. Be3 Ne5 37. Nd4 Ra8 38. Bb5 Nc4+ 39. Bxc4 dxc4 40.
Nc6 Re8 41. Bc5 f5 42. Bf8 1-0

[Event "10. Open Internacional de Galapagar"]
[Site "Galapagar ESP"]
[Date "2009.07.23"]
[Round "6.21"]
[White "Ruiz Quevedo, Andres"]
[Black "Campos Calvo Sotelo, Javier"]
[Result "1/2-1/2"]
[WhiteElo "1924"]
[BlackElo "2046"]
[PlyCount "89"]
[EventDate "2009.07.18"]
[EventType "swiss"]
[EventRounds "9"]
[EventCountry "ESP"]
[Source "lmi"]
[SourceDate "2009.07.18"]

1. c4 e5 2. g3 Nc6 3. Bg2 g6 4. Nc3 Bg7 5. Rb1 a5 6. Nf3 Nge7 7. O-O O-O 8. a3
d6 9. b4 axb4 10. axb4 f5 11. Nd5 e4 12. Ne1 Ne5 13. Qb3 Be6 14. d3 c6 15.
Nxe7+ Qxe7 16. dxe4 Bxc4 17. Qc2 Ba2 18. Rb2 Be6 19. Rb1 fxe4 20. Bxe4 d5 21.
Bg2 Nc4 22. Nd3 Na3 23. Bxa3 Rxa3 24. b5 Rc3 25. Qa4 Bf5 26. bxc6 bxc6 27. Rb6
Qxe2 28. Nf4 Qc2 29. Qxc2 Rxc2 30. Rxc6 d4 31. Rd1 Rc8 32. Rxc8+ Bxc8 33. Be4
Rc5 34. Nd3 Rc3 35. Kg2 Ba6 36. h3 Kf7 37. f4 Ke7 38. Rd2 Kd6 39. Kf2 Bb5 40.
Ke2 Bh6 41. Rb2 Bxd3+ 42. Bxd3 Bg7 43. Rb7 Rc7 44. Rb6+ Rc6 45. Rb7 1/2-1/2

[Event "10. Open Internacional de Galapagar"]
[Site "Galapagar ESP"]
[Date "2009.07.23"]
[Round "6.22"]
[White "Toranzo Fernandez, Dionisio"]
[Black "Baeza Escudero, Javier"]
[Result "1/2-1/2"]
[WhiteElo "2045"]
[BlackElo "1946"]
[PlyCount "67"]
[EventDate "2009.07.18"]
[EventType "swiss"]
[EventRounds "9"]
[EventCountry "ESP"]
[Source "lmi"]
[SourceDate "2009.07.18"]

1. Nf3 d5 2. d4 Nf6 3. c4 e6 4. g3 Be7 5. Bg2 O-O 6. O-O dxc4 7. Qc2 a6 8. Qxc4
b5 9. Qc2 Bb7 10. Bg5 Nbd7 11. Bxf6 gxf6 12. Ng5 fxg5 13. Bxb7 Ra7 14. Bc6 Nb8
15. e3 Nxc6 16. Qxc6 Qd6 17. Rc1 Rd8 18. Qxd6 cxd6 19. Nd2 d5 20. g4 Rd6 21.
Rc8+ Kg7 22. Rac1 Rad7 23. Nb3 Rd8 24. R8c7 Bf6 25. Na5 Re8 26. R7c6 Rxc6 27.
Rxc6 e5 28. dxe5 Rxe5 29. b3 Re4 30. h3 d4 31. exd4 Bxd4 32. Rc2 h5 33. gxh5 g4
34. hxg4 1/2-1/2

[Event "10. Open Internacional de Galapagar"]
[Site "Galapagar ESP"]
[Date "2009.07.23"]
[Round "6.23"]
[White "Sotoca Aguado, Jose"]
[Black "Beltran de Heredia y Alonso, Miguel"]
[Result "1-0"]
[WhiteElo "2023"]
[BlackElo "1931"]
[PlyCount "45"]
[EventDate "2009.07.18"]
[EventType "swiss"]
[EventRounds "9"]
[EventCountry "ESP"]
[Source "lmi"]
[SourceDate "2009.07.18"]

1. e4 c5 2. Nc3 Nc6 3. f4 e6 4. Nf3 d5 5. Bb5 a6 6. Bxc6+ bxc6 7. d3 Be7 8. O-O
Nf6 9. Qe1 d4 10. Ne2 Rb8 11. b3 Qc7 12. Ng3 O-O 13. Bd2 Bd8 14. Ne5 h5 15. Qe2
g6 16. Rae1 Kg7 17. f5 exf5 18. Bf4 Qb7 19. exf5 h4 20. fxg6 hxg3 21. Nxf7
gxh2+ 22. Kh1 Bc7 23. Be5 1-0

[Event "10. Open Internacional de Galapagar"]
[Site "Galapagar ESP"]
[Date "2009.07.23"]
[Round "6.24"]
[White "Ruiz de Alegria Garcia, Carlos"]
[Black "Rodriguez Garcia, Jose Maria"]
[Result "0-1"]
[WhiteElo "1909"]
[BlackElo "2019"]
[PlyCount "94"]
[EventDate "2009.07.18"]
[EventType "swiss"]
[EventRounds "9"]
[EventCountry "ESP"]
[Source "lmi"]
[SourceDate "2009.07.18"]

1. d4 d5 2. c4 e5 3. dxe5 d4 4. Nf3 Nc6 5. g3 Be6 6. b3 Bb4+ 7. Bd2 Qd7 8. Bg2
Bxd2+ 9. Nbxd2 O-O-O 10. O-O Nge7 11. Ne4 Bh3 12. Nc5 Qg4 13. b4 Bxg2 14. Kxg2
b6 15. Nd3 h5 16. c5 h4 17. h3 Qe4 18. g4 f5 19. exf6 gxf6 20. cxb6 axb6 21.
Kh2 Nd5 22. Qd2 Nc3 23. Rac1 Nxe2 24. Rxc6 Qxc6 25. Qxe2 Rde8 26. Qd1 Qd6+ 27.
Kg2 Qd5 28. Nf4 Qb7 29. Qxd4 Rd8 30. Qxf6 Rhf8 31. Qe6+ Kb8 32. Qe3 Rde8 33.
Qd4 Re4 34. Qd5 Rexf4 35. Qxb7+ Kxb7 36. Nxh4 Rxb4 37. f3 Ra8 38. Rf2 c5 39. f4
c4 40. f5 c3 41. Nf3 Rb2 42. Rxb2 cxb2 43. Nd2 Rxa2 44. Nb1 Ra1 45. f6 Rxb1 46.
f7 Rf1 47. Kxf1 b1=Q+ 0-1

[Event "10. Open Internacional de Galapagar"]
[Site "Galapagar ESP"]
[Date "2009.07.23"]
[Round "6.25"]
[White "Julian Sierra, Rogelio"]
[Black "Castillo Sanz, Javier"]
[Result "1-0"]
[WhiteElo "2014"]
[BlackElo "1921"]
[PlyCount "59"]
[EventDate "2009.07.18"]
[EventType "swiss"]
[EventRounds "9"]
[EventCountry "ESP"]
[Source "lmi"]
[SourceDate "2009.07.18"]

1. c4 e5 2. Nc3 d6 3. g3 Nc6 4. Bg2 g6 5. Nf3 Bg7 6. O-O Nge7 7. d3 O-O 8. Rb1
a5 9. a3 Rb8 10. b4 axb4 11. axb4 d5 12. Nd2 dxc4 13. Nxc4 Be6 14. b5 Nd4 15.
Ba3 Re8 16. b6 Bxc4 17. dxc4 cxb6 18. e3 Ndc6 19. Qxd8 Rexd8 20. Rxb6 f5 21.
Bxe7 Nxe7 22. Bxb7 Kf8 23. Rfb1 Rd2 24. Nd5 Nxd5 25. Bxd5 Rxb6 26. Rxb6 e4 27.
Rb8+ Ke7 28. Rb7+ Kf8 29. Rf7+ Kg8 30. Rxf5+ 1-0

[Event "10. Open Internacional de Galapagar"]
[Site "Galapagar ESP"]
[Date "2009.07.23"]
[Round "6.26"]
[White "Pareja Alvarez, Diego"]
[Black "Andalon Gomez, Carlos J"]
[Result "1-0"]
[WhiteElo "1906"]
[BlackElo "2012"]
[PlyCount "87"]
[EventDate "2009.07.18"]
[EventType "swiss"]
[EventRounds "9"]
[EventCountry "ESP"]
[Source "lmi"]
[SourceDate "2009.07.18"]

1. e4 c6 2. d4 d5 3. Nc3 dxe4 4. Nxe4 Nd7 5. Bc4 Ngf6 6. Ng5 e6 7. Qe2 Nb6 8.
Bd3 h6 9. N5f3 c5 10. Be3 Qc7 11. Ne5 Bd6 12. Ngf3 Nbd7 13. Nc4 Be7 14. c3 b5
15. Nce5 c4 16. Bc2 Bb7 17. Bf4 Nd5 18. Bg3 Bd6 19. O-O O-O 20. Nd2 Nxe5 21.
dxe5 Be7 22. Rac1 Rfe8 23. Qe4 g6 24. Qe2 Rad8 25. h4 h5 26. Ne4 Qc6 27. Rfd1
a5 28. Rd4 Rc8 29. Bb1 Bf8 30. a3 Bh6 31. Rcd1 Bf8 32. Rc1 Bh6 33. Rcd1 Bg7 34.
Rc1 Red8 35. Nd6 Rxd6 36. exd6 Nxc3 37. Qf1 Ne2+ 38. Kh2 Bxd4 39. Rd1 Nxg3 40.
fxg3 Qxd6 41. Qe2 Qe5 42. Qd2 Rd8 43. Qxa5 Qd5 44. Be4 1-0